Logo BPK

Biblioteka

Politechniki Koszalińskiej

Heinrich Mann : (Rekord nr 50738)

Szczegóły MARC
000 -ETYKIETA REKORDU
podpole kontrolne o stałej długości 00463nam a2200169 i 4500
001 - NUMER KONTROLNY REKORDU
pole kontrolne bgj
040 ## - ŹRÓDŁO KATALOGOWANIA
Instytucja, która utworzyła rekord BPK
041 0# - KOD JĘZYKA
Kod języka tekstu fre
Kod języka oryginału ger
008 - POLE O STAŁEJ DŁUGOŚCI - DANE KONTROLNE
podpole kontrolne o stałej długości s1966 fr f |000 0 fre
100 1# - NAZWA OSOBOWA
Nazwa osobowa BANULS, Andre
245 10 - TYTUŁ/ODPOWIEDZIALNOŚĆ
Tytuł Heinrich Mann :
Ciąg dalszy tytułu Le poete el la politique /
Pozostałe elementy strefy tytułu i oznaczenia odpowiedzialności Andre Banuls.
260 ## - STREFA ADRESU WYDAWNICZEGO
Miejsce wydania Paris :
Nazwa wydawcy/dystrybutora Librairie C. Klincksieck,
Data publikacji, dystrybucji/powstania dokumentu 1966.
300 ## - STREFA OPISU FIZYCZNEGO
Objętość 710, [30] S. :
Inne cechy fizyczne Ill. ;
Rozmiary 24 cm.
505 ## - SFORMALIZOWANA UWAGA DOTYCZĄCA ZAWARTOŚCI
Pełny tekst uwagi Index.
600 19 - HASŁO PRZEDMIOTOWE W FORMIE NAZWY OSOBOWEJ
Nazwa osobowa Mann, Heinrich, 1871-1950
856 ## - LOKALIZACJA I DOSTĘP DO ELEKTRONICZNYCH DOKUMENTÓW ZDALNYCH
Link (URL) http://koha.tu.koszalin.pl/cgi-bin/koha/opac-detail.pl?biblionumber=50738
Tekst linku Katalog online BPK
942 ## - DODATKOWE ELEMENTY (KOHA)
Typ dokumentu Książka
Egzemplarze
Wycofany Status egzemplarza Uszkodzony Dostępność Lokalizacja stała Lokalizacja bieżąca Miejsce przechowywania Sygnatura Kod kreskowy Typ dokumentu
      Dostępny Biblioteka Politechniki Koszalińskiej Biblioteka Politechniki Koszalińskiej Wypożyczalnia Językowa N 897 01581034 Książka
© 2023 Biblioteka Politechniki Koszalińskiej :: KOHA